| 000 | 00396nam a22001697a 4500 | ||
|---|---|---|---|
| 005 | 20170829124335.0 | ||
| 008 | 160630b xxu||||| |||| 00| 0 eng d | ||
| 020 | _a978-81-259-4269-6 | ||
| 041 | _aeng | ||
| 082 | _b19610 | ||
| 100 |
_aBhavikatti S. S. _93900 |
||
| 245 | _aStructural Analysis I | ||
| 260 |
_bvikas _c2011 |
||
| 300 | _a403 | ||
| 650 |
_aDiploma Engineering _9817 |
||
| 942 | _cBK | ||
| 999 |
_c4900 _d4898 |
||